Les différents alphabets #1 - Statistiques

Statistiques générales
  • Ce quiz a été pris 145 fois
  • Le résultat moyen est 9 sur 20
Statistiques - réponses
Alphabet Nom de l'alphabet % Correct
ب,ض,ن,ز Arabe
94%
Ω,Σ,Λ,Ξ Grec
94%
木,错,映,食 Hanzi
94%
音,ク,ン,ラ Japonais
94%
A,B,C,D Latin
91%
Д,В,И,Ф Cyrilliques russe
86%
ㅎ,ㅂ,ㅈ,ㅍ Hangeul
77%
ה,ש,א,ט Hébreu
60%
ก,จ,ถ,ท Thaï
50%
अ,उ,ओ,ऊ Devanagari
40%
ე,რ,დ,წ Géorgien
25%
բ,կ,պ,ժ Arménien
22%
ⵖ,ⵎ,ⵅ,ⵣ Tifinagh
22%
ሑ,ዱ,ፑ,ሡ Guèze
18%
ஓ,ல்,ற்,க் Tamoul
14%
ឍ,ក,អ,យ Khmer
12%
ޜ,އ,ބ,ޝ Maldivien
6%
ඩ,ම,ග,ජ Singhalais
5%
༼,༊,བྮ,࿂ Tibétain
4%
ᠠ,ᠣ,ᠨ,ᠲ Mongol bitchig
0%
Aucun quiz correspondant
Distribution des résultats
% des personnes avec chaque résultat
Percentile par nombre de réponses
Votre historique - résultats
Vous n’avez pas pris ce quiz